| 000 | 00669nam a2200241Ia 4500 | ||
|---|---|---|---|
| 003 | OSt | ||
| 005 | 20220924122107.0 | ||
| 006 | a|||||r|||| 00| 0 | ||
| 007 | ta | ||
| 008 | 220923b |||||||| |||| 00| 0 urd d | ||
| 024 | _a321083 | ||
| 037 | _cTextual | ||
| 040 |
_aARTS _cARTS _burd |
||
| 041 |
_2urd _aurd |
||
| 082 | _aQ7:21:g, 168F9.1-.5 | ||
| 100 |
_aAli Mumtaz Au. _9188261 |
||
| 245 | 0 | _aTafseel-ul-bayan maqased-ul-quran | |
| 260 |
_aLahore _bDar-ul-ish'at Pakistan _c1929 |
||
| 300 |
_a150p. _ccm. |
||
| 650 |
_aQURAN _933479 |
||
| 942 |
_hQ7:21:g, 168F9.1-.5 _cTEXL _2CC |
||
| 999 |
_c410202 _d410202 |
||